Historia geográfica, civil y natural de la isla de San Juan Bautista de Puerto Rico /
Salvato in:
| Autore principale: | |
|---|---|
| Altri autori: | , |
| Natura: | Elettronico eBook |
| Lingua: | spagnolo |
| Pubblicazione: |
Madrid :
Doce Calles,
[2011]
|
| Soggetti: | |
| Accesso online: | Digitalia Hispánica |
| Tags: |
Aggiungi Tag
Nessun Tag, puoi essere il primo ad aggiungerne!!
|
MARC
| LEADER | 00000nam a2200000 i 4500 | ||
|---|---|---|---|
| 001 | DIGDOCEC0060 | ||
| 003 | NyNyDIG | ||
| 007 | cr ||||||||||| | ||
| 008 | 241101s2011 sp a ob 000 0 spa d | ||
| 006 | m o d | ||
| 035 | |a (OCoLC)1472055074 | ||
| 040 | |a DGITA |b eng |e rda |e pn |c DGITA | ||
| 020 | |z 9788497441209 | ||
| 043 | |a nwpr--- | ||
| 050 | 1 | 4 | |a F1958 ebook |
| 100 | 1 | |a Abbad y Lasierra, Iñigo, |d 1745-181, |e author. | |
| 245 | 1 | 0 | |a Historia geográfica, civil y natural de la isla de San Juan Bautista de Puerto Rico / |c por Iñigo Abbad y Lasierra ; anotada en la parte histórica y continuada en la estadística y económica por José Julián de Acosta y Calbo ; estudio introductorio por Gervasio L. García. |
| 246 | 3 | |a Historia geográfica, civil y natural de la Isla de Puerto-Rico | |
| 264 | 1 | |a Madrid : |b Doce Calles, |c [2011] | |
| 300 | |a 1 online resource : |b illustrations. | ||
| 336 | |a text |b txt |2 rdacontent | ||
| 337 | |a computer |b c |2 rdamedia | ||
| 338 | |a online resource |b cr |2 rdacarrier | ||
| 347 | |a text file |2 rdaft | ||
| 347 | |b PDF | ||
| 504 | |a Includes bibliographical references. | ||
| 588 | 0 | |a Online resource; title from PDF title page (Digitalia, viewed November 1, 2024) | |
| 651 | 0 | |a Puerto Rico |x History |y To 1898. | |
| 651 | 0 | |a Puerto Rico |x Description and travel. | |
| 700 | 1 | |a Acosta, José J. |q (José Julián), |d 1825-1892, |e contributor agent of text. | |
| 700 | 1 | |a García, Gervasio L. |q (Gervasio Luis), |d 1941- |e contributor agent of text. | |
| 791 | 2 | |a Digitalia (Firm), |e distributor. | |
| 793 | 0 | |g Digitalia eBook Collection: |a Ediciones Doce Calles | |
| 776 | 0 | 8 | |i Print version: |a Abbad y Lasierra, Iñigo, 1745-181. |t Historia geográfica, civil y natural de la isla de San Juan Bautista de Puerto Rico. |b 2a edición revisada y corregida. |d Madrid : Doce Calles, [2011] |z 9788497441209 |
| 856 | 4 | 0 | |3 Digitalia Hispánica |u https://digitalia.unach.elogim.com/a/160630/ |
| 910 | |a Premium collection: 2024 | ||